NEURAL NETWORKS AND FUZZY SYSTEMS (Record no. 216846)

MARC details
000 -LEADER
fixed length control field 00492nam a22001577a 4500
008 - FIXED-LENGTH DATA ELEMENTS--GENERAL INFORMATION
fixed length control field 260318b |||||||| |||| 00| 0 eng d
020 ## - INTERNATIONAL STANDARD BOOK NUMBER
International Standard Book Number 978-81-203-0863-8
050 ## - LIBRARY OF CONGRESS CALL NUMBER
Classification number QA 76.76 .E95 K67 1992
100 ## - MAIN ENTRY--PERSONAL NAME
Personal name KOSKO BART
245 ## - TITLE STATEMENT
Title NEURAL NETWORKS AND FUZZY SYSTEMS
Remainder of title A DYNAMICAL SYSTEMS APPROACH TO MACHINE INTELLIGENCE
260 ## - PUBLICATION, DISTRIBUTION, ETC.
Place of publication, distribution, etc. NEW DELHI
Name of publisher, distributor, etc. PH LEARNINING PRIVATE LIMITED
Date of publication, distribution, etc. 1992
300 ## - PHYSICAL DESCRIPTION
Extent X,449
650 ## - SUBJECT ADDED ENTRY
Topical term or geographic name entry element Artificial intelligence
942 ## - ADDED ENTRY ELEMENTS (KOHA)
Source of classification or shelving scheme Library of Congress Classification
Koha item type Long Loan Book
Holdings
Withdrawn status Lost status Source of classification or shelving scheme Damaged status Not for loan Collection Home library Current library Shelving location Date acquired Inventory number Total checkouts Full call number Barcode Date last seen Copy number Price effective from Koha item type
    Library of Congress Classification     Science & Technology Kisii University Library Kisii University Library On Display 03/18/2026 112424   QA 76.76 .E95 K67 1992 A000849 03/18/2026 C.4 03/18/2026 Long Loan Book
    Library of Congress Classification     Science & Technology Kisii University Library Kisii University Library On Display 03/18/2026 112423   QA 76.76 .E95 K67 1992 A000848 03/18/2026 C.3 03/18/2026 Long Loan Book
    Library of Congress Classification     Science & Technology Kisii University Library Kisii University Library On Display 03/18/2026 112422   QA 76.76 .E95 K67 1992 A000847 03/18/2026 C.2 03/18/2026 Long Loan Book
    Library of Congress Classification     Science & Technology Kisii University Library Kisii University Library On Display 03/18/2026 112421   QA 76.76 .E95 K67 1992 A000845 03/18/2026 C.1 03/18/2026 Long Loan Book